00726cam a2200229 a 4500001000800000005001700008008004100025010001700066020002500083040001800108041000800126080001000134082001800144100000700162101000800169245008100177504005100258906004500309942001200354999001700366952011300383468090520180103040317.0820223s1982 nyua b 001 0 eng  a 81068402  a0465067875 :c$18.95 aDLCcDLCdDLC aeng a658.400a658.4 BEH2191 a54 aLID10aQuick analysis for busy decision makers /cRobert D. Behn & James W. Vaupel. aIncludes bibliographical references and index. a7bcbccorignewd1eopcnf19gy-gencatlg 2ddccBK c39600d39600 00102udc40708PËKGa002b002cPËKGd2018-01-03l0o658.4 BEHp002-2994211r2018-01-03w2018-01-03yBK